000 00522nam a2200181Ia 4500
008 090124s9999 xx 000 0 und d
082 _b118209
100 _aभागवत यशवंत
245 _a साथ सुनयनांची
250 _a1
260 _c1980
300 _a220
600 _aभागवत यशवंत
630 _a साथ सुनयनांची
700 _aभागवत यशवंत
730 _a साथ सुनयनांची
942 _cBOOK
999 _c164296
_d164296